000 00727nam a2200289Ia 4500
005 20260324143755.0
008 008 260324s9999 xx 000 0 eng d
020 _a9780203105016
037 _aEBOOK
040 _aCRL
040 _beng
040 _cCRL
041 _2eng
041 _aeng
084 _qCRL
100 _aKhaldoun Al-Naqeeb; L Kenny
_91216871
245 0 _aSociety and State in the Gulf and Arab Peninsula (RLE: The Arab Nation)
245 2 _bA Different Perspective
260 _bTaylor and Francis
260 _c1990
365 _a
365 _b230
856 _uhttp://www.taylorfrancis.com/books/9780203105016
942 _cEBOOK
999 _c1822676
_d1822676